2025 NHL TEAM CANADA HOCKEY ROSTER - Statistics

General Stats
  • This quiz has been taken 183 times
    176 since last reset
  • The average score is 19 of 24
Answer Stats
Hint Answer % Correct
#87 (PIT) Sidney Crosby
98%
#8 (COL) Cale Makar
96%
#97 (EDM) Connor McDavid
96%
#29 (COL) Nathan MacKinnon
95%
#63 (BOS) Brad Marchand
94%
#16 (TOR) Mitch Marner
92%
#50 (STL) Jordan Binnington
88%
#9 (FLA) Sam Bennett
87%
#61 (VGK) Mark Stone
84%
#21 (TB) Brayden Point
81%
#89 (LAK) Drew Doughty
81%
#13 (FLA) Sam Reinhart
80%
#5 (COL) Devon Toews
78%
#33 (VGK) Adin Hill
75%
#44 (WPG) Josh Morrissey
74%
#35 (MTL) Sam Montembeault
74%
#24 (CAR) Seth Jarvis
74%
#38 (TB) Brandon Hagel
73%
#71 (TB) Anthony Cirelli
72%
#11 (PHI) Travis Konecny
72%
#55 (STL) Colton Parayko
66%
#27 (VGK) Shea Theodore
66%
#48 (DAL) Thomas Harley
66%
#6 (PHI) Travis Sanheim
60%
No matching quizzes found
Score Distribution
Percent of People with Each Score
Percentile by Number Answered
Your Score History
You have not taken this quiz since the last reset